00522nam a2200193 a 4500001001300000003000900013005001700022008004100039020000900080082001300089100001600102245005000118260005900168300000900227500003500236505002500271650001600296700001600312nice12345678IN_TiNIC20260116012356.0050524s1982 bana grp 000 0 eng  ac2000a239bPHI aPhilip, T V aKrishna Mohan Banerjeab Christian Apologist. aBangalorebChristian Instt.For Study of Religionc1982 a201p aincludes index and biblioraphy2 aBibliography, Index. aApologetics1 aPhilip, T V